[Event "37th Olympiad w"]
[Site "Turin ITA"]
[Date "2006.06.02"]
[Round "11"]
[White "Tilenbaeva,J"]
[Black "Hamid,R"]
[Result "0-1"]
[WhiteElo "2051"]
[BlackElo "2169"]
[EventDate "2006.05.21"]

1. e4 c5 2. Nf3 e6 3. d4 cxd4 4. Nxd4 a6 5. Be2 Nf6 6. Nc3 Qc7 7. Be3 Nc6
8. a4 Bb4 9. f3 d5 10. O-O e5 11. Nxc6 bxc6 12. exd5 Bxc3 13. d6 Qa5 14.
bxc3 Qxc3 15. Qd2 Nd5 16. Qxc3 Nxc3 17. Bd3 a5 18. Bd2 Nd5 19. c4 Nb4 20.
Bxb4 axb4 21. c5 Ra5 22. Rfc1 Be6 23. Bc4 b3 24. Bxb3 Bxb3 25. Rab1 Kd7 26.
Rxb3 Ke6 27. Rb7 Rc8 28. Re7+ Kd5 29. Rd1+ Kxc5 30. Rxe5+ Kb6 31. Rb1+ Ka6
32. d7 Rd8 33. Re8 Rxd7 34. Ra8+ Ra7 35. Rab8 Rc7 36. Rh8 h5 37. Ra8+ Ra7
38. Rab8 Rc5 39. a5 Rb5 40. Rb6+ Kxa5 41. Rb8 Rxb8 42. Rxb8 c5 43. Kf2 c4
44. Ke2 Rd7 45. h4 Ka4 46. g3 c3 47. g4 hxg4 48. fxg4 Rd4 49. h5 c2 50. Rc8
Kb3 51. Rb8+ Ka2 52. Rc8 Kb2 53. Rb8+ Kc1 54. g5 Rd6 55. Rb7 Re6+ 56. Kf1
Re5 57. g6 fxg6 58. hxg6 Kd2 59. Rd7+ Ke3 60. Rc7 Kd3 61. Kf2 Rg5 62. Kf3
Rxg6 63. Rd7+ Kc3 64. Rc7+ Kd2 65. Rd7+ Kc1 66. Ke2 Rg2+ 67. Kf1 Rd2 68.
Re7 Rd1+ 69. Ke2 Kb2 70. Rb7+ 0-1

[Event "37th Olympiad w"]
[Site "Turin ITA"]
[Date "2006.06.02"]
[Round "11"]
[White "Khan,N"]
[Black "Sabirova,S KGZ"]
[Result "1-0"]
[WhiteElo "2087"]
[BlackElo "2143"]
[EventDate "2006.05.21"]

1. d4 d5 2. Nf3 Nf6 3. g3 g6 4. Bg2 Bg7 5. c4 c6 6. O-O O-O 7. Nc3 Nbd7 8.
b3 Re8 9. Bb2 e6 10. Rc1 Nf8 11. Ne5 N6d7 12. Nxd7 Nxd7 13. e4 dxc4 14.
bxc4 e5 15. d5 Nc5 16. Na4 Nxa4 17. Qxa4 Bd7 18. Qb3 c5 19. Rb1 Rb8 20. Bc1
Qa5 21. Be3 Bf8 22. Rfc1 Qc7 23. Qa3 a6 24. Rb2 Rec8 25. Bf1 Kg7 26. Qc3 f6
27. f4 Bd6 28. Rf2 Rf8 29. Qd2 Kg8 30. f5 gxf5 31. exf5 Kf7 32. Qe2 Ke7 33.
Qh5 Rf7 34. Bd3 Rg8 35. Be4 b5 36. a3 bxc4 37. Qd1 Qa5 38. Rxc4 Qxa3 39.
Qc1 Qxc1+ 40. Bxc1 Bb5 41. Rc3 c4 42. Ba3 Rg4 43. Bxd6+ Kxd6 44. Re2 Rc7
45. Kf2 Rg8 46. Rec2 Ra8 47. Bf3 Ba4 48. Rc1 Bb3 49. Be2 Kxd5 50. Rxb3 cxb3
51. Rxc7 Rb8 52. Bd3 a5 53. Ke3 a4 54. Ra7 Rb4 55. h3 b2 56. Bb1 Kc5 57.
Rc7+ Kb6 58. Rc3 Kb5 59. Kd3 h6 60. Kc2 e4 61. Rc8 a3 62. Kc3 Ra4 63. Ba2
Ra7 64. g4 Re7 65. Kd2 1-0

[Event "37th Olympiad w"]
[Site "Turin ITA"]
[Date "2006.06.02"]
[Round "11"]
[White "Samaganova,A"]
[Black "Parveen,T"]
[Result "1/2-1/2"]
[WhiteElo "2087"]
[BlackElo "2005"]
[EventDate "2006.05.21"]

1. c4 e5 2. Nc3 Nf6 3. Nf3 Nc6 4. a3 d5 5. cxd5 Nxd5 6. Qc2 Be7 7. e3 a6 8.
b4 Nxc3 9. dxc3 O-O 10. e4 Bf6 11. Be2 Ne7 12. O-O Ng6 13. Rd1 Qe7 14. Be3
Re8 15. Bc4 b6 16. Bd5 Rb8 17. Rd2 Bg4 18. Ne1 Bg5 19. Bxg5 Qxg5 20. f3 Be6
21. Kh1 Bxd5 22. Rxd5 Nf4 23. Rd7 Re6 24. g3 Nh5 25. Qf2 Rc8 26. Rad1 Rh6
27. f4 exf4 28. gxf4 Qf6 29. e5 Qc6+ 30. Ng2 Re8 31. Rd8 Rhe6 32. Qd4 f6
33. Re1 g6 34. Kg1 Rxd8 35. Qxd8+ Re8 36. Qd4 fxe5 37. fxe5 Qe6 38. c4 Ng7
1/2-1/2

[Event "WCO 2006"]
[Site "Italy"]
[Date "2006.06.03"]
[Round "12"]
[White "Sultana Zakia"]
[Black "Petrenko Svetlana"]
[Result "0-1"]
[WhiteTitle "WFM"]
[WhiteElo "2014"]
[WhiteCountry "BAN"]
[BlackTitle "IM"]
[BlackElo "2334"]
[BlackCountry "MDA"]
[Remark "WCO 2006 M24  B1"]
[PresId "1000120241"]

1. d4 Nf6 2. Nf3 d5 3. e3 g6 4. Be2 Bg7 5. Nbd2 c5 6. c3 b6 7. Ne5 O-O
8. O-O Bb7 9. f4 Nfd7 10. Ndf3 f6 11. Nd3 c4 12. Nf2 b5 13. Qc2 e5 14.
e4 exf4 15. Bxf4 Re8 16. exd5 Nb6 17. Rae1 Nxd5 18. Bc1 Nd7 19. a4 a6
20. Bd1 Qb6 21. Rxe8+ Rxe8 22. axb5 axb5 23. b3 f5 24. bxc4 bxc4 25.
Re1 Rxe1+ 26. Nxe1 Qe6 27. Qe2 Qxe2 28. Bxe2 Ba6 29. Bd2 N7b6 30. Nc2
Kf7 31. Nd1 Ke6 32. Nb2 Bf8 33. Kf2 g5 34. g3 g4 35. Bf1 h5 36. Be2
Bd6 37. Nd1 Nf6 38. Be1 Ne4+ 39. Kg1 Ng5 40. Nce3 f4 41. gxf4 Nh3+ 42.
Kf1 Nxf4 43. Bg3 Nxe2 44. Kxe2 Be7 45. Bc7 Nd5 46. Nxd5 Kxd5 47. Ne3+
Ke4 48. Nf1 h4 49. Nd2+ Kd5 50. Nf1 Bc8 51. Bf4 Ke4 52. Bb8 Bg5 53.
Be5 Bd7 54. Bc7 Ba4 55. Be5 Bc2 56. Nd2+ Kd5 57. Bc7 Bf5 58. Ke1 Bd3
59. Nf1 Ke4 60. Be5 Bxf1 61. Kxf1 Bd2 62. Bf6 Bxc3 63. Bxh4 Bxd4 64.
Kg2 c3 65. Bg5 Be3 66. Bf6 c2 67. Bb2 Bf4 68. h3 g3 69. h4 Be5 70. Bc1
Bf4 71. Bb2 Kd3 72. Kf3 Kd2 73. h5 Kd1 74. h6 Bxh6 75. Kxg3 Bc1 76.
Bf6 Ba3 77. Bg5 Bb4 0-1
*

[Event "WCO 2006"]
[Site "Italy"]
[Date "2006.06.03"]
[Round "12"]
[White "Partac Elena"]
[Black "Khan Nazrana"]
[Result "1-0"]
[WhiteTitle "WGM"]
[WhiteElo "2095"]
[WhiteCountry "MDA"]
[BlackElo "2087"]
[BlackCountry "BAN"]
[Remark "WCO 2006 M24  B2"]
[PresId "1000120242"]

1. e4 c5 2. Nf3 Nc6 3. Bb5 a6 4. Bxc6 dxc6 5. d3 Nf6 6. h3 g6 7. Nc3
Bg7 8. Be3 Nd7 9. Qd2 h6 10. O-O b6 11. Nh2 Nf6 12. f4 O-O 13. f5 Kh7
14. fxg6+ fxg6 15. Rf2 Ng8 16. Rxf8 Qxf8 17. Rf1 Qd8 18. Nf3 Be6 19.
a4 a5 20. b3 Qd7 21. Ne2 Rf8 22. Rf2 Nf6 23. Nf4 g5 24. Nxe6 Qxe6 25.
Bxg5 Rd8 26. Qf4 Nd7 27. Qh4 Ne5 28. Bxe7 Nxf3+ 29. Rxf3 Bd4+ 30. Kh1
Rg8 31. Bf6 Rg6 32. Bxd4 cxd4 33. Qd8 c5 34. Qf8 Rg7 35. Qf5+ Qg6 36.
Rg3 Qxf5 37. Rxg7+ Kxg7 38. exf5 Kf6 39. g4 1-0
*

[Event "WCO 2006"]
[Site "Italy"]
[Date "2006.06.03"]
[Round "12"]
[White "Parveen Tanima"]
[Black "Agababean Naira"]
[Result "1/2-1/2"]
[WhiteTitle "WFM"]
[WhiteElo "2005"]
[WhiteCountry "BAN"]
[BlackTitle "WGM"]
[BlackElo "2200"]
[BlackCountry "MDA"]
[Remark "WCO 2006 M24  B3"]
[PresId "1000120243"]

1. e4 c5 2. c3 d5 3. exd5 Qxd5 4. d4 Nc6 5. Nf3 Bg4 6. Be2 cxd4 7.
cxd4 e6 8. O-O Qa5 9. Nc3 Bb4 10. Qd3 Bxc3 11. bxc3 Nge7 12. Bd2 Qc7
13. Qc2 Bxf3 14. Bxf3 Nxd4 15. Qa4+ Ndc6 16. Bf4 Qa5 17. Qxa5 Nxa5 18.
Rab1 O-O-O 19. Rb5 Nec6 20. Rfb1 Rd7 21. Rc5 Rd3 22. Rbb5 Rhd8 23. h3
Rxf3 24. gxf3 b6 25. Rg5 g6 26. Kg2 f6 27. Rg4 Rd3 28. Bh6 Kd7 29. Re4
Rxc3 30. Bd2 Rc2 31. Bxa5 Nxa5 32. a4 Nc6 33. Rb1 e5 34. Re3 g5 35.
Rd3+ Kc7 36. Rh1 Rc4 37. Ra3 h5 38. Re1 h4 39. Ree3 Kb7 40. Rec3 Rf4
41. Ra1 Na5 42. Rd1 Rxa4 43. Rd7+ Ka6 44. Rcc7 Rf4 45. Rxa7+ Kb5 46.
Rd6 Nc4 47. Re6 Kc5 48. Rf7 b5 49. Rfxf6 Rxf6 50. Rxf6 b4 51. Rf8 b3
52. Rc8+ Kd4 53. Rb8 b2 54. Rb3 Kc5 55. Kg1 Kd5 56. Kg2 Kd4 57. Kg1
Kd5 58. Kg2 Ke6 59. Kh2 Kf5 60. Kg1 Kf4 61. Kg2 Kf5 62. Kg1 Kf6 63.
Kh2 Ke6 64. Kg1 Kd5 65. Kg2 1/2-1/2

[Event "WCO 2006"]
[Site "Italy"]
[Date "2006.06.04"]
[Round "13"]
[White "Sabirova Olga"]
[Black "Sultana Zakia"]
[Result "1-0"]
[WhiteTitle "WIM"]
[WhiteElo "2212"]
[WhiteCountry "UZB"]
[BlackTitle "WFM"]
[BlackElo "2014"]
[BlackCountry "BAN"]
[Remark "WCO 2006 M27  B1"]
[PresId "1000130271"]

1. e4 e6 2. Nc3 d5 3. d4 dxe4 4. Nxe4 Bd7 5. Nf3 Bc6 6. Bd3 Nd7 7. Qe2
Ngf6 8. Nxf6+ Qxf6 9. Ne5 Nxe5 10. dxe5 Qd8 11. f3 Be7 12. Bd2 a5 13.
O-O-O Qb8 14. h4 b5 15. Bg5 h6 16. Bxe7 Kxe7 17. h5 b4 18. Qf2 Qb6 19.
Qh4+ f6 20. Rhe1 Bd5 21. Qg4 Rag8 22. Kb1 a4 23. Be4 Bxe4 24. Rxe4 b3
25. Rxa4 bxc2+ 26. Kxc2 Qc5+ 27. Kb1 Qc6 28. Rc4 Qb6 29. Rcd4 Qc6 30.
R4d3 Qb5 31. a4 1-0
*

[Event "WCO 2006"]
[Site "Italy"]
[Date "2006.06.04"]
[Round "13"]
[White "Khan Nazrana"]
[Black "Hamrakulova Yulduz"]
[Result "0-1"]
[WhiteElo "2087"]
[WhiteCountry "BAN"]
[BlackTitle "WFM"]
[BlackElo "2187"]
[BlackCountry "UZB"]
[Remark "WCO 2006 M27  B2"]
[PresId "1000130272"]

1. d4 Nf6 2. Bg5 e6 3. e3 d5 4. Nd2 c5 5. c3 Nbd7 6. Ngf3 Bd6 7. Bd3
O-O 8. O-O Qc7 9. Bh4 h6 10. Re1 b6 11. Rc1 Bb7 12. Qc2 c4 13. Be2 b5
14. Nf1 Ne4 15. N3d2 Nxd2 16. Qxd2 f5 17. Bg3 Bc6 18. Bf3 Nf6 19. Qc2
Bxg3 20. Nxg3 g5 21. Be2 Kh8 22. Nf1 Rg8 23. Nd2 Raf8 24. Nf3 Nd7 25.
Nd2 Qd6 26. Kh1 Nf6 27. Qd1 g4 28. Nf1 h5 29. Kg1 h4 30. f4 gxf3 31.
Bxf3 Rg5 32. Rc2 Be8 33. Rf2 Rfg8 34. Kh1 Qd7 35. Nd2 Qg7 36. Qe2 Qh6
37. Rg1 Bh5 38. Bxh5 Nxh5 39. Rf3 Ng3+ 40. Rxg3 Rxg3 41. Nf1 R3g4 42.
Nd2 R8g7 43. Qf2 f4 44. e4 h3 45. g3 fxg3 46. hxg3 dxe4 47. Re1 Rxg3
48. Nxe4 R3g6 49. Nd6 Qh5 50. Ne4 Qg4 51. Nf6 Rxf6 0-1
*

[Event "WCO 2006"]
[Site "Italy"]
[Date "2006.06.04"]
[Round "13"]
[White "Khamrakulova Iroda"]
[Black "Parveen Tanima"]
[Result "1-0"]
[WhiteElo "2200"]
[WhiteCountry "UZB"]
[BlackTitle "WFM"]
[BlackElo "2005"]
[BlackCountry "BAN"]
[Remark "WCO 2006 M27  B3"]
[PresId "1000130273"]

1. e4 e5 2. Nf3 Nc6 3. d4 exd4 4. Nxd4 Bc5 5. Nb3 Bb6 6. Nc3 d6 7. Nd5
Nf6 8. Nxb6 axb6 9. Bd3 h6 10. O-O O-O 11. Bd2 Ne5 12. f4 Nxd3 13.
cxd3 Bd7 14. Qf3 Qe7 15. a3 Ne8 16. Rae1 Qh4 17. f5 Nf6 18. h3 Ba4 19.
Nc1 Nd7 20. Bc3 Ne5 21. Qe3 f6 22. Ne2 Bb5 23. Nf4 Rfe8 24. Rf2 Bd7
25. d4 Nc6 26. Qf3 h5 27. Ng6 Qg5 28. Bd2 Nxd4 29. Qd3 1-0